000 01092nam a2200313 i 4500
001 000023898
003 DO-SdBNP
005 20260525211353.0
007 ta
008 110117s2016 dr 000 spa d
040 _aDO-SdBNP
_bspa
_cBNPHU
_erda
041 _aspa
082 4 _223
_a972.93054
_bZ88a
100 1 _aDíaz Grullón, Virgilio,
_d1924-2001
_9501
_eautor
245 1 0 _aAbril 65 :
_bmártires y héroes /
_cSonia Zorrilla
264 _aRepública Dominicana :
_b [sin editor determinado],
_c2016
300 _a98 páginas ;
_c22 cm
336 _atexto
_btxt
_2rdacontent
337 _asin mediación
_bn
_2rdamedia
338 _avolumen
_bnc
_2rdacarrier
500 _aIncluye datos biográficos de la autora en la contracubierta
590 _aInventariado, 2021/BT
590 _aLa biblioteca posee 1 ejemplar autográfiado por la autora
650 _aMártires
_zRepública Dominicana
_989749
650 _aHéroes
_zRepública Dominicana
_92372
651 _aRepública Dominicana
_xHistoria
_yRevolución de Abril, 1965
_989750
910 _aBtavárez
942 _2ddc
_cLBS1
999 _c23394
_d23394